Tvorba obchodného systému pre trh kryptomien bakalárska práca

Gespeichert in:
Bibliographische Detailangaben
1. Verfasser: Mareš, Igor
Körperschaft: Fakulta podnikového manažmentu EU. Katedra podnikových financií
Weitere Verfasser: Badura, Peter, 1978-
Format: Buch
Sprache:Slowakisch
Veröffentlicht: Bratislava 2022
Tags: Tag hinzufügen
Keine Tags, Fügen Sie das erste Tag hinzu!

MARC

LEADER 00000nbm a2200000 4500
001 0285711
005 20230223105254.3
041 0 |a slo 
044 |a SK 
245 1 0 |a Tvorba obchodného systému pre trh kryptomien  |b bakalárska práca  |c Igor Mareš ; školiteľ: Peter Badura 
264 1 |a Bratislava  |c 2022 
300 |a 57 s. 
100 1 |a Mareš, Igor 
700 1 |a Badura, Peter, 1978- 
710 2 |a Fakulta podnikového manažmentu EU. Katedra podnikových financií